000 00799nam a2200193 a 4500
008 210309s2003 ||||||||||||||||| || u
020 _a9780534578084
050 _aHV 9104 Sie
100 _aSiegel, Larry J
245 1 0 _aJuvenile delinquency: Theory, practice and law (8th edition)
_cBy Larry J. Siegel; Brandon C. Welsh; Joseph J. Senna
250 _a8th edition
260 _aCanada
_bThomson Wadsworth
_c2003
300 _axxiii, 565 pages: illustrations
650 _aJUVENILE JUSTICE, ADMINISTRATION OF--UNITED STATES
650 _aJUVENILE DELINQUENCY--UNITED STATES
700 _aSenna, Joseph J
700 _aWelsh, Brandon C
995 _FCBU-MAIN LIBRARY (Kitwe)
_M1
_UAVAILABLE
_WMar 31, 2021
_ZMain Library Open Access Collection
999 _c48539
_d48539